El humor de___ : los hermanos Marx /

Збережено в:
Бібліографічні деталі
Автор: Pérez, Adolfo (autor)
Формат: Книга
Мова:Іспанська
Опубліковано: Madrid, España : Masters, 2005, c2005
Серія:(¿Sabes de Cine?)
Предмети:
Теги: Додати тег
Немає тегів, Будьте першим, хто поставить тег для цього запису!

MARC

LEADER 00000nam^a2200000^a^4500
001 000181729
005 20250521000000.0
009 20260310101942.724
020 |a 84-96319-19-9 
037 |a Acervo ITESO - Biblioteca 
041 |a ESP 
082 |a 302. 2352180973  |b PER 
100 |a Pérez, Adolfo  |e (autor) 
240 1 4 |a [El humor de___] 
245 1 3 |a El humor de___ :  |b los hermanos Marx /  |c A. Pérez. 
264 4 |a Madrid, España :  |b Masters,  |c 2005, c2005 
300 |a 158 p. 
336 |a texto  |b txt  |2 rdacontenido 
337 |a sin mediación  |b n  |2 rdamedio 
338 |a volumen  |b nc  |2 rdasoporte 
440 1 |a (¿Sabes de Cine?) 
649 |a XX 
650 |a Actores Norteamericanos -  |x Biografías 
650 |a Comedias Cinematográficas -  |z EUA -  |x Historia y Crítica 
650 |a Cine Norteamericano -  |x Filmografías 
650 |a Cine Norteamericano -  |x Historia y Crítica 
650 |a Cine Norteamericano -  |y Siglo XX 
650 |a Medios Audiovisuales -  |z EUA -  |x Historia 
650 |a Medios de Comunicación -  |z EUA -  |x Historia 
650 |a Comunicación Visual -  |z EUA -  |x Historia 
650 |a Comunicación Masiva -  |z EUA -  |x Historia 
650 |a Marx, Hermanos 
910 |a Fondo General 
920 |a Impresos - Libros 
930 |a Colección General 
905 |a 101 
901 |a 0500121623  |b IT1  |c ACC  |u 20250521 
902 |a https://opac.biblio.iteso.mx/vufind/Record/000181729